| 000 | 00626nam a22001937a 4500 | ||
|---|---|---|---|
| 003 | OSt | ||
| 005 | 20260203064600.0 | ||
| 008 | 260203b |||||||| |||| 00| 0 eng d | ||
| 020 | _a9781482231052 | ||
| 040 |
_aDWC-Main lib _cOC |
||
| 082 | _aCirc. 004.2 Y11c 2016 | ||
| 100 | _aAharon, Yadin | ||
| 245 |
_aComputer Systems: _bArchitecture/ _cyadin Aharon |
||
| 260 |
_aBoca Raton : _bTaylor & Francis Group CRC Press, _c c2016. |
||
| 300 |
_avi,445 pages: _billustrations; _c26 cm. |
||
| 504 | _aIncludes bibliographical references and index | ||
| 650 | _a1. Computer Architecture | ||
| 942 |
_2ddc _cBK-CIRC _kCirc. _n0 |
||
| 999 |
_c8201 _d8201 |
||